ՀՀ Գիտությունների ազգային ակադեմիայի հիմնարար գիտական գրադարան  =   Fundamental Scientific Library of NAS RA

Հրահանգ քրիստոնէական հաւատոյ : (Record no. 375680)

MARC details
000 -LEADER
fixed length control field 00822nam a2200205 a 4500
001 - CONTROL NUMBER
control field 001177017
003 - CONTROL NUMBER IDENTIFIER
control field AM-YeHGA
005 - DATE AND TIME OF LATEST TRANSACTION
control field 20250618074608.0
008 - FIXED-LENGTH DATA ELEMENTS--GENERAL INFORMATION
fixed length control field 160922s1850 |||b r 000 0 arm d
040 ## - CATALOGING SOURCE
Original cataloging agency AM-YeHGA
041 0# - LANGUAGE CODE
Language code of text/sound track or separate title arm
090 ## - LOCALLY ASSIGNED LC-TYPE CALL NUMBER (OCLC); LOCAL CALL NUMBER (RLIN)
-- 377567
245 00 - TITLE STATEMENT
Title Հրահանգ քրիստոնէական հաւատոյ :
Remainder of title Ըստ ուղղափառ դաւանութեան եկեղեցւոյ Հայաստանեայց /
Statement of responsibility, etc. Աշխատասիր.՝ Մ. վարժ. Գրիգորեան Զմիւռնացի.
260 ## - PUBLICATION, DISTRIBUTION, ETC.
Place of publication, distribution, etc. Մոսկուա :
Name of publisher, distributor, etc. տպ. Վլատիմիր Կոդիէ,
Date of publication, distribution, etc. 1850.
300 ## - PHYSICAL DESCRIPTION
Extent Ա-ԽԸ, 96 էջ :
Other physical details սրբանկ. ;.
500 ## - GENERAL NOTE
General note Տողատ. ծանոթ.
650 14 - SUBJECT ADDED ENTRY--TOPICAL TERM
Topical term or geographic name entry element Հայոց եկեղեցի
650 14 - SUBJECT ADDED ENTRY--TOPICAL TERM
Topical term or geographic name entry element Քրիստոնեություն
700 1# - ADDED ENTRY--PERSONAL NAME
Personal name Մսերեան, Մսեր
Relator term աշխատասիր.
Relationship com
9 (RLIN) 34
Holdings
Withdrawn status Lost status Source of classification or shelving scheme Damaged status Not for loan Collection Home library Current library Date acquired Total checkouts Full call number Barcode Date last seen Price effective from Koha item type Public note
    Universal Decimal Classification     Levonyan Individual Collection Fundamental Scientific Library Fundamental Scientific Library 11/01/2017   Լեվ/1566 FL0415161 11/01/2017 11/01/2017 Գրքեր / Books ILL Non-Circ.


ՀՀ ԳԱԱ հիմնարար գիտական գրադարան
ՀՀ,Երևան 0019
Մարշալ Բաղրամյան 24/6
հեռախոս:(374-10) 52-47-50
Հետադարձ կապ

All site content, except where otherwise noted, is licensed under a
Creative Commons License